Normal view
MARC view
Entry Topical Term
001 - CONTROL NUMBER
- control field: 46150
003 - CONTROL NUMBER IDENTIFIER
- control field: dpl
005 - DATE AND TIME OF LATEST TRANSACTION
- control field: 20120501152940.0
008 - FIXED-LENGTH DATA ELEMENTS
- fixed length control field: 120501|||a|||||| | ||| d
040 ## - CATALOGING SOURCE
- Original cataloging agency: dpl
- Transcribing agency: dpl
150 ## - HEADING--TOPICAL TERM
- Topical term or geographic name as entry element:
- General subdivision:
670 ## - SOURCE DATA FOUND
- Source citation: Work cat.: (dpl): हाड़ा, चन्द्रमोहन हिमकर 46149, भाषा और भाषा विज्ञान /, 2004
670 ## - SOURCE DATA FOUND
- Source citation: Work cat.: (dpl): हाड़ा, चन्द्रमोहन हिमकर 46149, भाषा और भाषा विज्ञान /, 2004
